Ổn định của hệ thống động lực và các áp dụng kỹ thuật

Nội dung quyển sách là khảo sát ổn định của quá trình động lực: đưa ra các định nghĩa về ổn định, cácphương pháp nghiên cứu ổn định và khảo sát các bài toán mang tính minh hoạ và định hướng áp dụng....

Cijeli opis

Spremljeno u:
Bibliografski detalji
Glavni autor: Đỗ, Sanh
Format: Knjiga
Jezik:Undetermined
Izdano: Hà Nội Bách Khoa - Hà Nội 2010
Teme:
Oznake: Dodaj oznaku
Bez oznaka, Budi prvi tko označuje ovaj zapis!
Thư viện lưu trữ: Trung tâm Học liệu Trường Đại học Cần Thơ
LEADER 01046nam a2200205Ia 4500
001 CTU_161078
008 210402s9999 xx 000 0 und d
020 |c 74500 
082 |a 620.1 
082 |b S107 
100 |a Đỗ, Sanh 
245 0 |a Ổn định của hệ thống động lực và các áp dụng kỹ thuật 
245 0 |c Đỗ Sanh 
260 |a Hà Nội 
260 |b Bách Khoa - Hà Nội 
260 |c 2010 
520 |a Nội dung quyển sách là khảo sát ổn định của quá trình động lực: đưa ra các định nghĩa về ổn định, cácphương pháp nghiên cứu ổn định và khảo sát các bài toán mang tính minh hoạ và định hướng áp dụng. 
650 |a Service life (Engineering),Dịch vụ cuộc sống (Ngành kỹ thuật),Engineering design,Quá trình thiết kế kỹ thuật 
904 |i Linh Cát, Trọng Hiếu 
980 |a Trung tâm Học liệu Trường Đại học Cần Thơ